000 00478nam a22001817a 4500
003 MPLRDC
005 20220104144153.0
008 210129b ||||| |||| 00| 0 eng d
020 _a7-301-01013-3
082 _a310.1 SXL
100 _a孙小礼、张祖贵编
245 _a数学与文化
_c
260 _a
_b北京大学出版社
_c1990
300 _b
490 _a北京大学科学与社合丛书
650 _a数学哲理; 数学基础
942 _cBK
_o310.1 SXL
999 _c47055
_d47045